000 00682nam a2200193 4500
001 132925
003 ES-MaACL
005 20250902102519.0
007 t|
008 070214s1920 sp r ||||1| spa d
100 1 _aRoyo Gómez, José,
_d1895-1961
_9100228
245 1 4 _aLos yacimientos weáldicos del Maestrazgo /
_cJosé Royo Gómez.
260 _aMadrid :
_b[s. n.],
_c1920.
300 _a7 p. ;
_c25 cm.
500 _aEs tirada aparte del Boletín de la Real Sociedad Española de Historia Natural, t. XVIII, p. 261-267 (1918)
710 2 _aReal Sociedad Española de Historia Natural
_96397
852 _aES-MaACL
_j1691-F-4
_bR.18026
999 _c132925
_d132925